000 01465nam a2200385Ia 4500
001 ebr10138566
003 CaPaEBR
006 m u
007 cr cn|||||||||
008 060210s2005 ne ab sb 001 0 eng d
020 _z0444521070
020 _z0080461611
020 _z0444521089 (pbk.)
020 _z9780444521071
020 _z9780444521088 (pbk.)
040 _aCaPaEBR
_cCaPaEBR
035 _a(OCoLC)162130468
050 1 4 _aGC97
_b.S38 2005eb
082 0 4 _a551.46/18
_222
082 0 4 _a551.466418
_222
100 1 _aSavenije, H. H. G.
_q(Hubert H. G.)
245 1 0 _aSalinity and tides in alluvial estuaries
_h[electronic resource] /
_cby Hubert H.G. Savenije.
250 _a1st ed.
260 _aAmsterdam :
_bElsevier,
_c2005.
300 _axiv, 194 p. :
_bill. (some col.), maps.
504 _aIncludes bibliographical references (p. 185-190) and index.
533 _aElectronic reproduction.
_bPalo Alto, Calif. :
_cebrary,
_d2009.
_nAvailable via World Wide Web.
_nAccess may be limited to ebrary affiliated libraries.
650 0 _aEstuaries
_xMathematical models.
650 0 _aHydrodynamics
_xMathematical models.
650 0 _aSaltwater encroachment
_xMathematical models.
650 0 _aTides
_xMathematical models.
655 7 _aElectronic books.
_2local
710 2 _aebrary, Inc.
856 4 0 _uhttp://site.ebrary.com/lib/rucke/Doc?id=10138566
_zAn electronic book accessible through the World Wide Web; click to view
999 _c185902
_d185902